00415pab a2200157 454500008004000000100002600040245005300066260000900119300001300128362001000141650002400151650001300175650001000188700002500198773003400223180718b2015 xxu||||| |||| 00| 0 eng d aJandhyala, Kameshwari aWhy women teachers matter in secondary education c2015 ap.48-54. a8 Aug aSecondary education aTeachers aWomen aRamachandran, Vimala aEconomic and Political Weekly